00941nam a22002777a 4500003000900000005001700009007000300026008003400029040003000063082003200093100004700125210000600172245003200178260000600210264004200216300002100258336002700279337003500306338003000341590002600371600006500397910004100462942001200503952013100515999001700646DO-SdBPM20260217081926.0ta171128b1979 cu| |||| 00| 0 spa d aDO-SdBPMbspacBPMSUerda 4a923.1097291bC355d 19792221 aCastro, Fidel d1926-2016. 4aut. eautor  2  aDiscursos / cFidel Castro  c  aLa Habana :bCiencias Sociales,c1979 av. ;c23 cm. e  atextobtxt2rdacontent asin mediación bn2rdamedia  avolumen bnc2rdacarrier  aInventariado, 2026/VM17aCastro, Fidel,d 1926-2016 xPensamiento político y social aVMateo V. Control de calidad. BPMSU  2ddccBK 00102ddc708CGaBPMETbBPMETd2017-11-28l0oBPMSU CG 923.1097291 C355d 1979pBPMSU17110487r2017-11-28tv.3w2017-11-28yBK c13159d13159